000 00391 a2200169 4500
001 71759
020 _a8585872195
040 _cAnchieta - Colégio São Paulo
100 _aGasparetto, Luiz Antonio
240 1 0 _a"Se ligue" em você
_lpor
245 1 0 _a"Se ligue" em você
300 _a[21p.]
362 0 _a0
440 1 _aÁtica
650 4 _aLiteratura infanto-juvenil
942 _cBK
999 _c71759
_d71759